00457nam a2200193 a 4500001001300000003000900013005001700022008004100039020001000080082001400090100001700104245001500121260004400136300000800180500003500188505001000223650001300233700001700246nice12345678IN_TiNIC20260116011729.0050524s1969 boma grp 000 0 eng  ac10000a230bSIN2 aSingh, Bakht aMy Chosen. aBombaybGospel Literature Servicec1969 a50p aincludes index and biblioraphy2 aIndex aTheology1 aSingh, Bakht